[Event "EOBCC 2020"]
[Site "Online"]
[Date "2020.12.18"]
[Round "4.128"]
[White "Smirnova, Ekaterina"]
[Black "Maly, Alexey"]
[Result "1-0"]
[WhiteElo "2239"]
[BlackElo "2371"]
[PlyCount "119"]
[EventDate "2020.12.18"]
[EventType "tourn"]
[EventCountry "NET"]

1. d4 d5 2. c4 dxc4 3. e3 Nf6 4. Bxc4 e6 5. Nc3 a6 6. Nf3 b5 7. Bb3 Bb7 8. O-O Nbd7 9. Bd2 c5 10. Rc1 Rc8 11. a4 b4 12. Ne2 Be7 13. Ng3 O-O 14. Qe2 Qb6 15. Rfd1 Rfd8 16. Be1 h6 17. h3 cxd4 18. Nxd4 Nc5 19. Bc2 Ba8 20. b3 Nd5 21. Ne4 Nc3 22. Nxc3 bxc3 23. Bxc3 Qb7 24. Qg4 Bf6 25. Ba1 h5 26. Qg3 Rd5 27. Nf3 Bxa1 28. Rxa1 Nxb3 29. Bxb3 Qxb3 30. Nd4 Qb7 31. Rab1 Qd7 32. Rdc1 Rd8 33. Kh2 Qxa4 34. Rc7 Qa5 35. Nxe6 g6 36. Nxd8 Rg5 37. Rc8 Kh7 38. Rxa8 Rxg3 39. fxg3 Qd5 40. Rbb8 h4 41. gxh4 Qe5+ 42. Kh1 Qa1+ 43. Kh2 Qe5+ 44. Kg1 Qxe3+ 45. Kh1 Qe1+ 46. Kh2 Qxh4 47. Nb7 Qf4+ 48. Kg1 Qe3+ 49. Kh2 Qf4+ 50. Kg1 Qc1+ 51. Kh2 Qc7+ 52. Kg1 Kg7 53. Rg8+ Kf6 54. Rgb8 Kg5 55. Kh1 f5 56. Nd8 f4 57. Ne6+ Kh4 58. Nxc7 g5 59. g3+ fxg3 60. Rh8# 1-0

[Event "EOBCC 2020"]
[Site "Online"]
[Date "2020.12.18"]
[Round "4.129"]
[White "Suder, Jakub"]
[Black "Villegas, Pierre"]
[Result "1-0"]
[WhiteElo "2239"]
[BlackElo "2367"]
[PlyCount "103"]
[EventDate "2020.12.18"]
[EventType "tourn"]
[EventCountry "NET"]

1. d4 Nf6 2. c4 e6 3. Nc3 Bb4 4. f3 O-O 5. a3 Bxc3+ 6. bxc3 Ne8 7. Nh3 Nc6 8. Bg5 f6 9. Bh4 b6 10. e3 Ba6 11. Qa4 Na5 12. c5 Bxf1 13. Rxf1 Qc8 14. Kf2 Rf7 15. Kg1 Qa6 16. cxb6 axb6 17. e4 Qc4 18. Qc2 Nb3 19. Ra2 Nd6 20. Rb1 Na5 21. Bg3 Qc6 22. Bxd6 Qxd6 23. Qd3 Qc6 24. Rb4 d5 25. Nf4 dxe4 26. fxe4 Rd8 27. Re2 e5 28. Nd5 exd4 29. Rxd4 Re8 30. Qg3 Nb3 31. Rd3 Nc5 32. Rde3 Re5 33. Qg4 Qe6 34. Qf3 Rf8 35. Nxc7 Qb3 36. Nd5 Rfe8 37. h4 Nxe4 38. Nf4 Nd2 39. Qf2 Rxe3 40. Rxe3 Rxe3 41. Qxe3 Qd1+ 42. Kf2 Kf8 43. Ne6+ Kf7 44. Nd8+ Kf8 45. Ne6+ Kf7 46. Nf4 Qf1+ 47. Kg3 Qd1 48. Qe6+ Kf8 49. Qc8+ Kf7 50. Qd7+ Kf8 51. Ne6+ Kg8 52. Qe8# 1-0

[Event "EOBCC 2020"]
[Site "Online"]
[Date "2020.12.18"]
[Round "4.130"]
[White "Wikar, Martyna"]
[Black "Baghdasaryan, Vahe"]
[Result "0-1"]
[WhiteElo "2171"]
[BlackElo "2364"]
[PlyCount "54"]
[EventDate "2020.12.18"]
[EventType "tourn"]
[EventCountry "NET"]

1. e4 c5 2. Nf3 e6 3. d4 cxd4 4. Nxd4 Nc6 5. Nc3 Nf6 6. Ndb5 Bc5 7. Bf4 O-O 8. Bd6 Bxd6 9. Qxd6 a6 10. Nc7 Ra7 11. O-O-O b5 12. Bxb5 Rxc7 13. e5 Ne8 14. Qxc6 Rxc6 15. Bxc6 Qg5+ 16. Kb1 dxc6 17. Rde1 Nc7 18. g3 Nd5 19. f4 Nxc3+ 20. bxc3 Qg4 21. Re3 c5 22. h3 Qg6 23. g4 Bb7 24. Rf1 Bd5 25. f5 exf5 26. gxf5 Rb8+ 27. Kc1 Qg5 0-1

[Event "EOBCC 2020"]
[Site "Online"]
[Date "2020.12.18"]
[Round "4.131"]
[White "Mischuk, Dmitry"]
[Black "Malicka, Maria"]
[Result "1-0"]
[WhiteElo "2364"]
[BlackElo "2291"]
[PlyCount "105"]
[EventDate "2020.12.18"]
[EventType "tourn"]
[EventCountry "NET"]

1. e4 c5 2. Nf3 d6 3. d4 cxd4 4. Nxd4 Nf6 5. Nc3 a6 6. h4 e5 7. Nb3 Be7 8. Bg5 Be6 9. Bxf6 Bxf6 10. g3 Be7 11. Qd2 Nd7 12. Bh3 Nf6 13. O-O-O b5 14. Bxe6 fxe6 15. Qe2 b4 16. Na4 Qc7 17. Nd2 O-O 18. Kb1 Rac8 19. Rc1 Qc6 20. b3 Nd7 21. Rhf1 a5 22. Nc4 Qb5 23. Qd3 Nc5 24. Nxc5 Qxc5 25. f3 a4 26. Rcd1 Rfd8 27. Rfe1 Ra8 28. Re2 Qa7 29. Qe3 axb3 30. cxb3 Qa6 31. Qb6 Qxb6 32. Nxb6 Rab8 33. Nc4 Rb7 34. Red2 Rbd7 35. Nxe5 Rb7 36. Nc6 Rdd7 37. Nxe7+ Rxe7 38. Rxd6 h6 39. f4 Kh7 40. e5 Kg6 41. g4 h5 42. f5+ Kf7 43. fxe6+ Rxe6 44. Rf1+ Ke7 45. gxh5 Rxe5 46. Rg6 Ke8 47. Rg5 Re2 48. Rg4 Ra7 49. Rxb4 Raxa2 50. Ra4 Rab2+ 51. Ka1 Rxb3 52. Ra7 Rc3 53. Rb1 1-0

[Event "EOBCC 2020"]
[Site "Online"]
[Date "2020.12.18"]
[Round "4.132"]
[White "Meissner, Felix"]
[Black "Chyzy, Jakub"]
[Result "1-0"]
[WhiteElo "2362"]
[BlackElo "2250"]
[PlyCount "125"]
[EventDate "2020.12.18"]
[EventType "tourn"]
[EventCountry "NET"]

1. e4 e5 2. Nf3 Nc6 3. d4 exd4 4. Nxd4 Nf6 5. Nc3 Bb4 6. Nxc6 bxc6 7. Bd3 d5 8. exd5 cxd5 9. O-O O-O 10. h3 c6 11. Qf3 h6 12. Bf4 Bd6 13. Rfe1 Be6 14. b3 c5 15. Rad1 Bxf4 16. Qxf4 Qa5 17. Na4 Rfe8 18. Qd6 c4 19. Bf1 Ne4 20. Qf4 cxb3 21. axb3 Rac8 22. Bd3 Nc3 23. Nxc3 Qxc3 24. Re3 Qc7 25. Qd4 Qb6 26. Qh4 Qd8 27. Qh5 Qg5 28. Qxg5 hxg5 29. Ra1 Rc7 30. Ree1 Rec8 31. Ra5 Rd8 32. Rea1 Rdd7 33. f3 f6 34. Kf2 Kf7 35. Ke3 d4+ 36. Kf2 g6 37. Ra6 Bf5 38. Bxf5 gxf5 39. R1a2 Kg6 40. Kg3 d3 41. cxd3 Rxd3 42. Rxa7 f4+ 43. Kh2 Rc1 44. Ra1 Rxa1 45. Rxa1 Rxb3 46. Ra7 Rb1 47. Ra6 Rb2 48. h4 Kf5 49. h5 Rb7 50. Ra5+ Ke6 51. Kh3 Rh7 52. Kg4 Rh6 53. Ra6+ Ke5 54. Ra5+ Ke6 55. Rb5 Kd6 56. Kf5 Ke7 57. Rb7+ Kf8 58. Ra7 Kg8 59. Ra6 Kf7 60. Rb6 Kg7 61. Rb7+ Kg8 62. Rd7 Rxh5 63. Kg6 1-0

[Event "EOBCC 2020"]
[Site "Online"]
[Date "2020.12.18"]
[Round "4.133"]
[White "Lukasiewicz, Krzysztof"]
[Black "Dzida, Kamil"]
[Result "0-1"]
[WhiteElo "2359"]
[BlackElo "2239"]
[PlyCount "58"]
[EventDate "2020.12.18"]
[EventType "tourn"]
[EventCountry "NET"]

1. d4 Nf6 2. Bf4 e6 3. e3 c5 4. Nf3 d5 5. c3 Nc6 6. Nbd2 Bd6 7. Bg3 b6 8. Bd3 Bb7 9. Qe2 O-O 10. Rd1 Qe7 11. e4 dxe4 12. Nxe4 Nxe4 13. Bxe4 Rad8 14. dxc5 Bxc5 15. b4 Rxd1+ 16. Qxd1 Rd8 17. Qb1 Nxb4 18. Bxh7+ Kh8 19. Bh4 f6 20. Ne5 Qc7 21. Ng6+ Kxh7 22. cxb4 Bxb4+ 23. Qxb4 Qc1+ 24. Ke2 Qc2+ 25. Ke3 Qd3+ 26. Kf4 Rd4+ 27. Qxd4 Qxd4+ 28. Kg3 Kxg6 29. Re1 Kh5 0-1

[Event "EOBCC 2020"]
[Site "Online"]
[Date "2020.12.18"]
[Round "4.134"]
[White "Starosta, Martyna"]
[Black "Voit, Daria"]
[Result "0-1"]
[WhiteElo "2094"]
[BlackElo "2353"]
[PlyCount "84"]
[EventDate "2020.12.18"]
[EventType "tourn"]
[EventCountry "NET"]

1. e4 e6 2. d4 d5 3. Nc3 Bb4 4. e5 Ne7 5. Bd2 b6 6. a3 Bxc3 7. Bxc3 Ba6 8. Bxa6 Nxa6 9. f4 c5 10. Nf3 Rc8 11. Qe2 cxd4 12. Bxd4 Nc5 13. O-O Ne4 14. c3 Qc7 15. Nd2 Nxd2 16. Qxd2 Qc4 17. Rad1 Qb3 18. Qe2 h5 19. Rd2 Nf5 20. Qa6 Rc7 21. Qe2 Rc4 22. Rfd1 Qa4 23. Qf3 g6 24. Qf2 Kd7 25. Kh1 Rcc8 26. g3 Qc4 27. Qe2 Qxe2 28. Rxe2 Rc4 29. Red2 Rb8 30. Kg1 a5 31. Kf2 b5 32. h3 b4 33. g4 hxg4 34. hxg4 Ne7 35. axb4 axb4 36. Kg3 Nc6 37. Be3 bxc3 38. bxc3 Rxc3 39. Kf3 Rbb3 40. Re2 d4 41. Ke4 Rxe3+ 42. Rxe3 Rxe3# 0-1

[Event "EOBCC 2020"]
[Site "Online"]
[Date "2020.12.18"]
[Round "4.135"]
[White "Lenaerts, Lennert"]
[Black "Tarasova, Viktoriya"]
[Result "1/2-1/2"]
[WhiteElo "2357"]
[BlackElo "2226"]
[PlyCount "128"]
[EventDate "2020.12.18"]
[EventType "tourn"]
[EventCountry "NET"]

1. d4 Nf6 2. c4 e6 3. Nc3 Bb4 4. g3 d5 5. Nf3 O-O 6. Bg2 c6 7. O-O Nbd7 8. Qb3 Bd6 9. Rd1 b6 10. Nd2 Bb7 11. e4 dxe4 12. Ndxe4 Nxe4 13. Nxe4 Be7 14. Bf4 Nf6 15. Rac1 Nxe4 16. Bxe4 Bd6 17. Bxd6 Qxd6 18. c5 Qc7 19. a3 b5 20. Qd3 h6 21. Qe3 Rfd8 22. f4 Rd7 23. Rd2 Rad8 24. Rcd1 a5 25. Bc2 Re7 26. Qe4 g6 27. Qe5 Qxe5 28. dxe5 Rxd2 29. Rxd2 Kf8 30. Be4 Ke8 31. Rd6 Rc7 32. Kf2 Ke7 33. Ke3 Rc8 34. h4 h5 35. Kd4 Rc7 36. Kc3 Rc8 37. b3 Rc7 38. Bf3 Rc8 39. Kb2 Rc7 40. Kc2 Rc8 41. Kc3 Rc7 42. Kd4 Rc8 43. Ke3 Rc7 44. g4 hxg4 45. Bxg4 Rc8 46. Bf3 Rc7 47. h5 gxh5 48. Bxh5 Bc8 49. Rd2 Bb7 50. Bf3 Rc8 51. Rd6 Rc7 52. Be4 Rc8 53. f5 exf5 54. Bxf5 Rc7 55. Be4 Rc8 56. Kf4 Rc7 57. Rf6 Rc8 58. Bg2 Rc7 59. Bf3 Rc8 60. Bh5 Rf8 61. Ke4 Ba8 62. Kf4 Bb7 63. Kg5 Ba8 64. Kf4 Bb7 1/2-1/2

[Event "EOBCC 2020"]
[Site "Online"]
[Date "2020.12.18"]
[Round "4.136"]
[White "Zabrzanska, Weronika"]
[Black "Koksal, Ege"]
[Result "0-1"]
[WhiteElo "1849"]
[BlackElo "2353"]
[PlyCount "72"]
[EventDate "2020.12.18"]
[EventType "tourn"]
[EventCountry "NET"]

1. e4 c6 2. d4 d5 3. e5 Bf5 4. Nd2 e6 5. Nb3 Nd7 6. Be3 c5 7. Bb5 c4 8. Nd2 a6 9. Bxd7+ Qxd7 10. h4 h5 11. Nh3 Ne7 12. Nf4 Bg6 13. Nxg6 Nxg6 14. Qf3 b5 15. c3 b4 16. Nb1 a5 17. a3 Qb7 18. Qe2 Be7 19. g3 bxa3 20. Nxa3 Rb8 21. Bc1 Bxa3 22. Rxa3 Qb5 23. O-O Ne7 24. Qc2 Nf5 25. Qa4 O-O 26. Qxa5 Qxa5 27. Rxa5 Ra8 28. Rb5 Rfb8 29. Rxb8+ Rxb8 30. Kg2 f6 31. Re1 Kf7 32. Re2 Ne7 33. Bf4 Rb5 34. f3 Nc6 35. exf6 gxf6 36. Bc1 e5 0-1

[Event "EOBCC 2020"]
[Site "Online"]
[Date "2020.12.18"]
[Round "4.137"]
[White "Sliwicka, Alicja"]
[Black "Zarubitski, Viachaslau"]
[Result "1-0"]
[WhiteElo "2311"]
[BlackElo "2448"]
[PlyCount "129"]
[EventDate "2020.12.18"]
[EventType "tourn"]
[EventCountry "NET"]

1. e4 c5 2. Nf3 e6 3. d4 cxd4 4. Nxd4 Nc6 5. Nc3 Qc7 6. Nb3 a6 7. Bd3 Nf6 8. O-O d6 9. f4 Be7 10. Bd2 b5 11. Qf3 Bb7 12. Rae1 O-O 13. Qh3 b4 14. Ne2 a5 15. Nbd4 g6 16. Kh1 Nxd4 17. Nxd4 d5 18. f5 dxe4 19. fxg6 hxg6 20. Bb5 e5 21. Nf5 Bc8 22. Nxe7+ Qxe7 23. Qh4 Nd5 24. Qxe4 Bb7 25. Qxe5 Qxe5 26. Rxe5 Rac8 27. Bd3 Rfe8 28. Rfe1 Rxe5 29. Rxe5 Kf8 30. Kg1 Kg7 31. Kf2 Kf6 32. Re1 Rc6 33. h4 Ba6 34. Bg5+ Kg7 35. Be4 Rc5 36. Rd1 Nf6 37. Bxf6+ Kxf6 38. Rd5 Rxd5 39. Bxd5 Ke7 40. Ke3 f6 41. g4 Bc8 42. Kf4 Kf8 43. c3 Kg7 44. cxb4 axb4 45. a3 bxa3 46. bxa3 Bd7 47. Bb3 Bb5 48. a4 Be2 49. Bd5 Kh6 50. g5+ fxg5+ 51. hxg5+ Kg7 52. Bc6 Kf7 53. Ke5 Ke7 54. Bb5 Bg4 55. a5 Kd8 56. Kf6 Bf5 57. Bc4 Kc7 58. Bf7 Bd3 59. Bxg6 Bc4 60. Bf5 Kb7 61. g6 Ka6 62. Be6 Bd3 63. g7 Bh7 64. Kg5 Kxa5 65. Kh6 1-0

[Event "EOBCC 2020"]
[Site "Online"]
[Date "2020.12.18"]
[Round "4.139"]
[White "Sulashvili, Malkhaz"]
[Black "Vyprachticky, David"]
[Result "1-0"]
[WhiteElo "2381"]
[BlackElo "2326"]
[PlyCount "73"]
[EventDate "2020.12.18"]
[EventType "tourn"]
[EventCountry "NET"]

1. d4 Nf6 2. Nf3 g6 3. c4 Bg7 4. g3 O-O 5. Bg2 d6 6. O-O c6 7. Nc3 a6 8. e3 Bg4 9. h3 Bxf3 10. Bxf3 Nfd7 11. Bg2 e5 12. d5 c5 13. e4 Re8 14. Kh2 Nf8 15. f4 Nbd7 16. f5 f6 17. fxg6 hxg6 18. Be3 Rb8 19. a4 Qa5 20. Qe2 Nb6 21. Rf2 Nbd7 22. Raf1 Kh7 23. g4 g5 24. h4 gxh4 25. g5 fxg5 26. Qh5+ Kg8 27. Bxg5 Nh7 28. Bh3 Ndf8 29. Rf7 Qb4 30. R1f2 Qxc4 31. Bh6 Nf6 32. R2xf6 Bxf6 33. Rxf6 Re7 34. Qg5+ Kh8 35. Bxf8 Rh7 36. Be6 Qd3 37. Qg8# 1-0

[Event "EOBCC 2020"]
[Site "Online"]
[Date "2020.12.18"]
[Round "4.140"]
[White "Purtseladze, Maka"]
[Black "Zhukova, Natalia"]
[Result "0-1"]
[WhiteElo "2274"]
[BlackElo "2336"]
[PlyCount "116"]
[EventDate "2020.12.18"]
[EventType "tourn"]
[EventCountry "NET"]

1. d4 Nf6 2. Bg5 d5 3. e3 Nbd7 4. Bd3 e6 5. c4 h6 6. Bh4 b6 7. cxd5 exd5 8. Nc3 c6 9. Nf3 Bd6 10. Bg3 Bxg3 11. hxg3 O-O 12. Qc2 Qe7 13. a3 a5 14. O-O Re8 15. Na4 Bb7 16. Rab1 Ne4 17. Bxe4 dxe4 18. Ne5 Nxe5 19. dxe5 Ba6 20. Nxb6 Bxf1 21. Rxf1 Rab8 22. Nc4 f6 23. Qxe4 fxe5 24. Rc1 Qe6 25. Nxa5 Rxb2 26. Rxc6 Qa2 27. Qc4+ Qxc4 28. Nxc4 Ra2 29. e4 Rf8 30. f3 Rd8 31. Ne3 Rdd2 32. Rc3 Re2 33. Kh2 h5 34. Kh3 g6 35. g4 Kg7 36. gxh5 gxh5 37. Nf5+ Kf6 38. Rc6+ Kg5 39. Nh4 Kf4 40. Rf6+ Ke3 41. Rf5 Kd4 42. Rxh5 Rxa3 43. Nf5+ Kd3 44. Rh7 Re1 45. Rd7+ Ke2 46. Kg3 Kf1 47. Rd5 Rxe4 48. Rd1+ Re1 49. Rxe1+ Kxe1 50. Nd6 Rc3 51. Ne4 Re3 52. Kg4 Kf1 53. g3 Kg2 54. Ng5 Kf2 55. Kf5 Kxg3 56. Nf7 Rxf3+ 57. Ke6 Rxf7 58. Kxf7 e4 0-1

[Event "EOBCC 2020"]
[Site "Online"]
[Date "2020.12.18"]
[Round "4.141"]
[White "Muller, Anthony"]
[Black "Dordzhieva, Dinara"]
[Result "1-0"]
[WhiteElo "2269"]
[BlackElo "2352"]
[PlyCount "81"]
[EventDate "2020.12.18"]
[EventType "tourn"]
[EventCountry "NET"]

1. d4 Nf6 2. c4 e6 3. Nc3 Bb4 4. Nf3 O-O 5. Bg5 c5 6. Rc1 cxd4 7. Qxd4 Nc6 8. Bxf6 Qxf6 9. Qxf6 gxf6 10. e3 d6 11. a3 Ba5 12. b4 Bd8 13. Be2 Bd7 14. Ne4 Be7 15. Rd1 a5 16. b5 Ne5 17. Nxe5 fxe5 18. Nxd6 b6 19. a4 Be8 20. O-O Rd8 21. c5 bxc5 22. Nc4 Ra8 23. Bf3 Rb8 24. Nxa5 f5 25. Bc6 Bh5 26. Rd7 Bf6 27. f3 e4 28. Rfd1 exf3 29. gxf3 Bg5 30. Kf2 Bh4+ 31. Ke2 Kh8 32. Rg1 Rg8 33. Rxg8+ Rxg8 34. b6 f4 35. b7 Rb8 36. Be4 Bg6 37. Nc6 Bxe4 38. fxe4 f3+ 39. Kxf3 Rf8+ 40. Kg4 c4 41. b8=Q 1-0

[Event "EOBCC 2020"]
[Site "Online"]
[Date "2020.12.18"]
[Round "4.142"]
[White "Vesselovsky, Serguei"]
[Black "Nikolovski, Nikola"]
[Result "0-1"]
[WhiteElo "2316"]
[BlackElo "2454"]
[PlyCount "102"]
[EventDate "2020.12.18"]
[EventType "tourn"]
[EventCountry "NET"]

1. g3 f5 2. Bg2 Nf6 3. c4 e5 4. Nc3 Be7 5. e3 O-O 6. Nge2 d6 7. d4 Qe8 8. b3 Nc6 9. Bb2 Kh8 10. Qd2 a5 11. h3 Bd8 12. O-O-O e4 13. a3 a4 14. b4 Ne7 15. Nf4 c6 16. g4 g5 17. Nfe2 d5 18. gxf5 Bxf5 19. cxd5 Nexd5 20. Nxd5 Nxd5 21. Ng3 Bg6 22. Qc2 Bc7 23. Bxe4 Rxf2 24. Qxf2 Bxg3 25. Bxg6 Bxf2 26. Bxe8 Bxe3+ 27. Kb1 Rxe8 28. Rde1 Rd8 29. Rh2 Kg7 30. Rhe2 Bf4 31. Re7+ Nxe7 32. Rxe7+ Kg6 33. Rxb7 h5 34. Rb6 Kf5 35. Rxc6 g4 36. hxg4+ hxg4 37. Rc5+ Ke4 38. d5 Rxd5 39. Rxd5 Kxd5 40. Bf6 g3 41. Bh4 g2 42. Bf2 Ke4 43. Bg1 Be3 44. Bh2 Kd3 45. Kb2 Bd4+ 46. Ka2 Kc3 47. Kb1 Kb3 48. b5 Kxa3 49. Kc2 Kb4 50. Kd3 Bb6 51. Kc2 Kxb5 0-1

[Event "EOBCC 2020"]
[Site "Online"]
[Date "2020.12.18"]
[Round "4.143"]
[White "Polivanov, Anatoliy"]
[Black "Mamedjarova, Turkan"]
[Result "1-0"]
[WhiteElo "2452"]
[BlackElo "2309"]
[PlyCount "63"]
[EventDate "2020.12.18"]
[EventType "tourn"]
[EventCountry "NET"]

1. d4 d5 2. Nc3 Nf6 3. Bg5 h6 4. Bxf6 exf6 5. e3 c6 6. Bd3 Bd6 7. Qf3 O-O 8. Nge2 b5 9. a3 a5 10. g4 Na6 11. Ng3 b4 12. Nce2 bxa3 13. bxa3 Qb6 14. h4 Qb2 15. Rd1 Qxa3 16. g5 Nb4 17. gxf6 g6 18. h5 Nxd3+ 19. Rxd3 Qa1+ 20. Kd2 Bb4+ 21. c3 Qb2+ 22. Ke1 Ba6 23. hxg6 Bxd3 24. Rxh6 Qb1+ 25. Kd2 Qc2+ 26. Ke1 Bxc3+ 27. Kf1 fxg6 28. Qf4 Rab8 29. Rh8+ Kf7 30. Qc7+ Kxf6 31. Qe5+ Kf7 32. Rh7+ 1-0

[Event "EOBCC 2020"]
[Site "Online"]
[Date "2020.12.18"]
[Round "4.146"]
[White "Koellner, Ruben Gideon"]
[Black "Papasimakopoulos, Alexandros"]
[Result "1-0"]
[WhiteElo "2412"]
[BlackElo "2251"]
[PlyCount "111"]
[EventDate "2020.12.18"]
[EventType "tourn"]
[EventCountry "NET"]

1. d4 Nf6 2. Bg5 e6 3. Nd2 d5 4. e3 Be7 5. Bd3 b6 6. c3 Bb7 7. Bxf6 Bxf6 8. f4 Bh4+ 9. g3 Be7 10. Ngf3 Nd7 11. O-O f5 12. Ne5 Nxe5 13. fxe5 O-O 14. Nf3 c5 15. Kg2 a5 16. Qe2 a4 17. a3 Qc8 18. h4 Ba6 19. Bxa6 Qxa6 20. Qxa6 Rxa6 21. Ng1 g6 22. Nh3 h6 23. Nf4 Kf7 24. g4 g5 25. hxg5 hxg5 26. Ne2 Kg6 27. gxf5+ exf5 28. Ng3 Raa8 29. Rf2 cxd4 30. cxd4 f4 31. exf4 Rxf4 32. Rxf4 gxf4 33. Ne2 Kf5 34. Kf3 Bg5 35. Rh1 Rc8 36. Rh7 Rc2 37. Rf7+ Kg6 38. Rd7 Rxb2 39. Nxf4+ Bxf4 40. Kxf4 Rf2+ 41. Ke3 Ra2 42. Rxd5 Rxa3+ 43. Ke4 Rb3 44. Rd6+ Kf7 45. Rd7+ Ke8 46. Ra7 a3 47. Kd5 b5 48. Ke6 Kf8 49. d5 b4 50. d6 Rd3 51. d7 Rd1 52. Ra8+ Kg7 53. Ke7 b3 54. Rxa3 b2 55. Rg3+ Kh6 56. Rb3 1-0

[Event "EOBCC 2020"]
[Site "Online"]
[Date "2020.12.18"]
[Round "4.149"]
[White "Barseghyan, Armen Ar."]
[Black "Dylag, Emilia"]
[Result "1-0"]
[WhiteElo "2362"]
[BlackElo "2082"]
[PlyCount "111"]
[EventDate "2020.12.18"]
[EventType "tourn"]
[EventCountry "NET"]

1. d4 Nf6 2. Nf3 g6 3. g3 Bg7 4. Bg2 O-O 5. O-O d6 6. Nc3 Nc6 7. d5 Nb8 8. e4 Nbd7 9. Re1 Ng4 10. Nd4 Nge5 11. f4 Nc4 12. b3 Ncb6 13. Bb2 Nc5 14. a4 a5 15. Qd2 e5 16. dxe6 Nxe6 17. Nf3 Bd7 18. Rad1 Bc6 19. Ba3 Nc5 20. e5 Rc8 21. Nb5 Ne4 22. Qe3 Nd5 23. Qxe4 Nc3 24. Qe3 Nxd1 25. Rxd1 Re8 26. Na7 Rb8 27. Nxc6 bxc6 28. Qf2 d5 29. Nd4 Qd7 30. Qd2 Ra8 31. Qc3 Ra6 32. Bf1 Rb6 33. Qxa5 Bf8 34. Bxf8 Kxf8 35. Qc5+ Kg7 36. a5 Rbb8 37. Qxc6 Qxc6 38. Nxc6 Ra8 39. a6 Re6 40. Bb5 f6 41. exf6+ Kxf6 42. a7 Rd6 43. Ra1 d4 44. Nb4 c5 45. Bc6 Rxc6 46. Nxc6 Ke6 47. Ra6 Kd5 48. Kf2 c4 49. bxc4+ Kxc4 50. Ne5+ Kb5 51. Ra1 d3 52. cxd3 Kb6 53. Ke3 Rxa7 54. Rxa7 Kxa7 55. Ke4 Kb6 56. Kd5 1-0

[Event "EOBCC 2020"]
[Site "Online"]
[Date "2020.12.18"]
[Round "4.150"]
[White "Janaszak, Dawid"]
[Black "Parol, Pola"]
[Result "1-0"]
[WhiteElo "2348"]
[BlackElo "2069"]
[PlyCount "75"]
[EventDate "2020.12.18"]
[EventType "tourn"]
[EventCountry "NET"]

1. e4 c5 2. Nc3 Nc6 3. Bb5 Nd4 4. Nf3 g6 5. O-O Bg7 6. Re1 a6 7. Bf1 d6 8. d3 Bg4 9. Be3 Bxf3 10. gxf3 Nf6 11. Bg2 O-O 12. f4 Nd7 13. f5 Rb8 14. Rb1 e6 15. fxg6 fxg6 16. Qg4 Ne5 17. Qh3 Qf6 18. f4 Nec6 19. Rbc1 b5 20. Ne2 Kh8 21. Ng3 e5 22. f5 g5 23. c3 c4 24. dxc4 bxc4 25. cxd4 exd4 26. Bf2 Rxb2 27. Rxc4 Ne5 28. Rc7 Rxa2 29. Nh5 Qd8 30. Rxg7 Qb6 31. Rxg5 Rg8 32. Rxg8+ Kxg8 33. Qg3+ Kf8 34. Qg7+ Ke8 35. Nf6+ Kd8 36. Qf8+ Kc7 37. Nd5+ Kb7 38. Nxb6 1-0

[Event "EOBCC 2020"]
[Site "Online"]
[Date "2020.12.18"]
[Round "4.151"]
[White "Rudzinska, Michalina"]
[Black "Lewicki, Miroslaw"]
[Result "0-1"]
[WhiteElo "2189"]
[BlackElo "2348"]
[PlyCount "42"]
[EventDate "2020.12.18"]
[EventType "tourn"]
[EventCountry "NET"]

1. e4 b6 2. d4 Bb7 3. Bd3 g6 4. Nf3 Bg7 5. O-O e6 6. Bf4 Ne7 7. Nc3 O-O 8. e5 c5 9. Ne4 cxd4 10. Nxd4 Nbc6 11. Nxc6 Bxc6 12. c4 Nf5 13. Bg5 Qc7 14. Nf6+ Kh8 15. Bxf5 Qxe5 16. Nxd7 Qxf5 17. Nxf8 Qxg5 18. Nxg6+ hxg6 19. f3 Rd8 20. Qe2 Rd2 21. f4 Qc5+ 0-1

[Event "EOBCC 2020"]
[Site "Online"]
[Date "2020.12.18"]
[Round "4.152"]
[White "Goraj, Barbara"]
[Black "Silich, Yahor"]
[Result "1/2-1/2"]
[WhiteElo "2078"]
[BlackElo "2330"]
[PlyCount "170"]
[EventDate "2020.12.18"]
[EventType "tourn"]
[EventCountry "NET"]

1. e4 c5 2. Nf3 Nc6 3. d3 g6 4. g3 Bg7 5. Bg2 e6 6. O-O Nge7 7. c3 O-O 8. Be3 b6 9. Nbd2 d5 10. Rc1 Bb7 11. exd5 Nxd5 12. Qc2 Nxe3 13. fxe3 e5 14. e4 Qd7 15. Rcd1 f5 16. exf5 gxf5 17. Nc4 Rae8 18. a4 Kh8 19. Kh1 Qc7 20. Rde1 Ba6 21. Nh4 Qd7 22. Rd1 Ne7 23. Rde1 Ng6 24. Nxg6+ hxg6 25. Rd1 Qe6 26. Ne3 f4 27. gxf4 exf4 28. Nd5 Qd6 29. Qf2 g5 30. Qf3 Bc8 31. Rde1 Rxe1 32. Rxe1 g4 33. Qf2 f3 34. Qh4+ Qh6 35. Qxh6+ Bxh6 36. Bf1 Bb7 37. Re5 Bxd5 38. Rxd5 Re8 39. Rd6 Kg7 40. Rd7+ Kf6 41. Rd6+ Kg5 42. Rd5+ Kh4 43. Rd6 Bg5 44. Rd7 Bh6 45. Rd6 Kg5 46. Rd5+ Kg6 47. Rd6+ Kh7 48. Rd7+ Bg7 49. Kg1 Re1 50. Kf2 Rb1 51. h3 Rxb2+ 52. Kg3 gxh3 53. Bxh3 f2 54. Rf7 Kh6 55. Rxf2 Be5+ 56. Kg2 Rb3 57. Be6 Rxc3 58. Bc4 Ra3 59. Bb5 Bd4 60. Rf7 a6 61. Bxa6 Rxa4 62. Bc4 Rb4 63. Rb7 Kg5 64. Kf3 Kf5 65. Rb8 Rb2 66. Rb7 Rf2+ 67. Kg3 Rb2 68. Kf3 Ke5 69. Rb8 Kd6 70. Ke4 Kc6 71. Rc8+ Kb7 72. Re8 b5 73. Bd5+ Kb6 74. Rb8+ Ka5 75. Bc6 Re2+ 76. Kd5 Rb2 77. Ra8+ Kb6 78. Rb8+ Ka5 79. Ra8+ Kb4 80. Bxb5 Kxb5 81. Rb8+ Ka6 82. Rxb2 Bxb2 83. Kxc5 Ba3+ 84. Kc6 Bb4 85. d4 Ba3 1/2-1/2

[Event "EOBCC 2020"]
[Site "Online"]
[Date "2020.12.18"]
[Round "4.153"]
[White "Burkart, Patrick"]
[Black "Hertlein, Irena"]
[Result "1-0"]
[WhiteElo "2322"]
[BlackElo "1893"]
[PlyCount "81"]
[EventDate "2020.12.18"]
[EventType "tourn"]
[EventCountry "NET"]

1. d4 d5 2. c4 e6 3. Nf3 c5 4. cxd5 exd5 5. Bg5 Be7 6. Bxe7 Nxe7 7. dxc5 O-O 8. g3 Qa5+ 9. Qd2 Qxc5 10. Bg2 Nbc6 11. O-O Bf5 12. Rd1 Rfd8 13. e3 Rac8 14. Nc3 Be4 15. Ne2 h6 16. Rac1 Qb6 17. Ned4 Nxd4 18. Nxd4 Bxg2 19. Kxg2 Qg6 20. Rxc8 Rxc8 21. Qd3 Qe4+ 22. f3 Qe5 23. Rd2 b6 24. Kf2 Rc7 25. Rc2 Rxc2+ 26. Qxc2 g6 27. Qc3 Nf5 28. Qc8+ Kg7 29. Nxf5+ gxf5 30. Qc3 Qxc3 31. bxc3 Kf6 32. Ke2 Ke5 33. Kd3 f6 34. h3 a6 35. a3 b5 36. Kc2 Kd6 37. Kd3 Ke5 38. g4 fxg4 39. fxg4 a5 40. Kd2 Ke4 41. Ke2 1-0

[Event "EOBCC 2020"]
[Site "Online"]
[Date "2020.12.18"]
[Round "4.154"]
[White "Klim, Filip"]
[Black "Przybylski, Wojciech"]
[Result "0-1"]
[WhiteElo "1897"]
[BlackElo "2321"]
[PlyCount "118"]
[EventDate "2020.12.18"]
[EventType "tourn"]
[EventCountry "NET"]

1. e4 c5 2. Nf3 d6 3. d4 cxd4 4. Nxd4 Nf6 5. Nc3 a6 6. Be2 e5 7. Nb3 Be7 8. Bg5 O-O 9. Bxf6 Bxf6 10. Qd3 Nc6 11. O-O-O Be6 12. Qxd6 Qc8 13. Qc5 Nd4 14. Qxc8 Raxc8 15. Nxd4 exd4 16. Nd5 Bxd5 17. exd5 Rc5 18. Bf3 Rfc8 19. Be4 Bg5+ 20. Kb1 Bf6 21. f4 Rb5 22. Rd3 Re8 23. Bf3 Re3 24. Rhd1 Re7 25. Kc1 Kf8 26. Rb3 Rc5 27. Kd2 g5 28. g3 b5 29. Ra3 Ra7 30. Re1 gxf4 31. gxf4 a5 32. Rd3 Rac7 33. Rc1 b4 34. b3 Re7 35. Re1 Rxc2+ 36. Kxc2 Rxe1 37. Rd2 Ra1 38. Kd3 Re1 39. Kc4 Re3 40. Be2 Be7 41. Kb5 Re4 42. Kxa5 Rxf4 43. Kb6 Rf2 44. Kc7 d3 45. Rxd3 Rxe2 46. d6 Rc2+ 47. Kb7 Bd8 48. d7 Rc7+ 49. Kb8 Ke7 50. Re3+ Kxd7 51. Rd3+ Ke8 52. Re3+ Re7 53. Rh3 f5 54. Rh5 Rf7 55. Kc8 Rc7+ 56. Kb8 Rf7 57. Kc8 f4 58. Re5+ Be7 59. Rb5 f3 0-1

[Event "EOBCC 2020"]
[Site "Online"]
[Date "2020.12.18"]
[Round "6.1"]
[White "Suleymanli, Aydin"]
[Black "Bluebaum, Matthias"]
[Result "0-1"]
[WhiteElo "2512"]
[BlackElo "2672"]
[Annotator "ChessBase"]
[PlyCount "100"]
[EventDate "2020.12.18"]
[EventType "tourn"]
[EventCountry "NET"]
[SourceTitle "playchess.com"]
[Source "ChessBase"]
[SourceQuality "1"]

1. d4 d5 2. c4 e5 3. e3 exd4 4. exd4 Bb4+ 5. Nc3 Ne7 6. cxd5 Nxd5 7. Bd2 O-O 8. Bd3 Re8+ 9. Nge2 Nc6 10. O-O Bg4 11. f3 Bh5 12. Kh1 Bg6 13. Be4 Nf6 14. Bg5 Be7 15. Bxc6 bxc6 16. Rc1 h6 17. Bh4 Qd7 18. Qa4 Bh7 19. Bxf6 Bxf6 20. d5 Rab8 21. b3 Rb6 22. Rfd1 Qc8 23. dxc6 Ra6 24. Qf4 Rxc6 25. Qa4 Rce6 26. Nf4 Re5 27. Ncd5 Bd8 28. Qc6 Qf5 29. h3 g5 30. Nh5 R5e6 31. Qa8 Bg6 32. Ng3 Qe5 33. Ne4 Bxe4 34. fxe4 Qxe4 35. Re1 Qxe1+ 36. Rxe1 Rxe1+ 37. Kh2 Kg7 38. Qxa7 R1e5 39. Qd4 c6 40. Ne3 Bc7 41. Kg1 Kh7 42. Ng4 Re1+ 43. Kf2 R1e2+ 44. Kf3 R8e6 45. Qd3+ Kg7 46. Qc3+ f6 47. Qc4 h5 48. Ne5 R2xe5 49. Kf2 Rf5+ 50. Kg1 Re1+ 0-1